Handling Children the Rightway : (Record no. 167667)

MARC details
000 -LEADER
fixed length control field 00681nam a22001817a 4500
005 - DATE AND TIME OF LATEST TRANSACTION
control field 20190916154955.0
010 ## - LCCN (DPL NO)
LC control number ENG-126478
020 ## - INTERNATIONAL STANDARD BOOK NUMBER
Terms of availability 495.00
International Standard Book Number 978-93-80458-18-2
035 ## - SYSTEM CONTROL NUMBER
System control number EN-110010
037 ## - SOURCE OF ACQUISITION
Source of stock number/acquisition DBAD/PUB
082 ## - DEWEY DECIMAL CLASSIFICATION NUMBER
Classification number 649
100 ## - MAIN ENTRY--PERSONAL NAME
Personal name Kabra , Roopnarain
245 ## - TITLE STATEMENT
Title Handling Children the Rightway :
Statement of responsibility, etc by Roopnarain Kabra
Remainder of title Enlightrning parents and teachers to co-ordinate and help children bloom themselves
260 ## - PUBLICATION, DISTRIBUTION, ETC. (IMPRINT)
Place of publication, distribution, etc New Delhi
Name of publisher, distributor, etc Samayik Books
Date of publication, distribution, etc 2019
270 ## - ADDRESS
City New Delhi
Address 3320-21 Jatwara, Dariyaganj ,N.S. Marg
Postal code 110002
Electronic mail address samayikprakashan@gmail.com
Telephone number 07065507086 , 09868934715
300 ## - PHYSICAL DESCRIPTION
Extent 159p.
Dimensions 22cm(Hbk)
942 ## - ADDED ENTRY ELEMENTS (KOHA)
Source of classification or shelving scheme Dewey Decimal Classification
Item type English Books
Classification part 649
Call number suffix KAB
Holdings
Withdrawn status Lost status Not for loan Collection code Home library Current library Date acquired Source of acquisition Cost, normal purchase price Full call number Barcode Copy number Cost, replacement price Koha item type
      Non-fiction Bawana Bawana 16/09/2019 DBAD/PUB 495.00 649 KAB EN-110010 1 495.00 English Books

© Delhi Public Library
Hit Counter
free hit counter